| 000 | 00846 a2200193 4500 | ||
|---|---|---|---|
| 001 | 27187 | ||
| 005 | 20260407155548.0 | ||
| 008 | 260407a1965 arg spa d | ||
| 003 | AR-UNSa-BCEJYS | ||
| 040 |
_aAR-UNSa-BCEJYS _bspa _cAR-UNSa-BCEJYS |
||
| 080 |
_a347.736 _xQuiebra. Insolvencia. Suspensión de pagos. Bancarrota, procedimientos. Derecho Concursal |
||
| 245 | 1 | 0 | _aActuación del síndico en las convocatorias y quiebras |
| 264 | 1 |
_aBuenos Aires : _bAbeledo Perrot _c1965 |
|
| 300 |
_a235 p. _c23 cm. |
||
| 505 | _a1. Los concursos comerciales - 2. La sindicatura - 3. Su actuación en la convocatoria - 3. Actuación del sindico en las quiebras - 4. Facsimil de un expediente judicial de convocatoria - 5. Texto completo de la Ley 11.719 | ||
| 942 | _cBK | ||
| 590 | _aniveau_biblio:m niveau_hierar:0 | ||
| 100 | 1 | _aZapolanski, Ignacio | |
| 999 |
_c1566 _d1566 |
||